LEADER 01196nam a2200289 i 4500 001 000000160213 003 CaOOAMICUS 005 20070315000000.0 008 070315s1973 it u000 u ita u 013 $a137576 040 $aSeMil$bita 100 1 $aZigrossi, Antonio.$0(OLS)http://semarc/name/20397 245 10$aPresenza di Cristo nella comunità consacrata /$cAntonio Zigrossi. 260 $aMilano :$bÀncora,$c1973. 260 $aRoma :$bCentro Studi USMI,$c1973. 300 $a318 p. ;$c19 cm. 490 0 $aUSMI 500 $aContiene : Bibliografia (sezioni). 650 4$aComunità cristiane - Studi.$0(OLS)http://semarc/subject/15994 650 4$aEucaristia - Comunità cristiana.$0(OLS)http://semarc/subject/13868 830 0$aUSMI.$0(OLS)http://semarc/title/23088 850 $aSeMil 852 $aSeMil$W1$xVenegono$y1$m3G II 372$j111689$B111689$CSeMilBibl$Z2$F123105 $81 961 $aLascito: Dugnani mons. Ferruccio 996 $6245$aPresenza di Cristo nella comunità consacrata$9(OLS)http://semarc/title/142691 996 $6260$aRoma :$bCentro Studi USMI$9(OLS)http://semarc/publisher/32109 996 $6260$aMilano :$bÀncora$9(OLS)http://semarc/publisher/29763 LEADER 01094nam a2200241 i 4500 001 000000073302 003 CaOOAMICUS 005 20190828091140.0 008 090612s1934 fr u000 u fre u 013 $a44474 040 $aSeMil$bita 245 10$a1: La genèse de la pensée et les paliers de son ascension spontanée. 264 1$aParis :$bF. Alcan,$c1934. 300 $aXLI, 421 p. ;$c22 cm. 490 0 $aBibliothèque de philosophie contemporaine 700 1 $aBlondel, Maurice <1861-1949>.$0(OLS)http://semarc/name/3444 773 0 $aBlondel, Maurice <1861-1949>$tPensée.$dParis : F. Alcan, 1934.$kBibliothèque de philosophie contemporaine$g1$w()21481 830 0$aBibliothèque de philosophie contemporaine.$0(OLS)http://semarc/title/9305 850 $aSeMil 852 $aSeMil$W1$xVenegono$y1$m2Q V 44$j39454$B39454$CSeMilBibl$Z2$F39458 $81 996 $6245$a1: La genèse de la pensée et les paliers de son ascension spontanée$9(OLS)http://semarc/title/424635 996 $6264$aParis :$bF. Alcan$9(OLS)http://semarc/publisher/29951